[Event "II. CLANSKA LIGA ZAHOD 2012"]
[Site " Ljubljana"]
[Date "2012.10.19"]
[Round "1.1"]
[White "Buha, Drago"]
[Black "Biti, Ozren"]
[Result "0-1"]
[WhiteElo "2011"]
[BlackElo "2380"]
[PlyCount "68"]
[EventDate "2012.10.19"]
[WhiteTeam "SD SIMP RADOVLJICA"]
[BlackTeam "SD HIDRIA AET TOLMIN"]

1. e4 d6 2. Nf3 Nf6 3. Nc3 g6 4. d4 Bg7 5. Bd3 O-O 6. O-O a6 7. Be3 Nc6 8. a3
Ng4 9. Qd2 Nxe3 10. fxe3 e5 11. Ne2 Kh8 12. h3 f5 13. d5 Ne7 14. c4 Bh6 15.
Rae1 fxe4 16. Bxe4 Nf5 17. Bxf5 gxf5 18. Kh1 Rg8 19. Qc3 Qe7 20. Rf2 Rg7 21.
Kh2 Bd7 22. b3 Rag8 23. g3 Qe8 24. Ref1 Qh5 25. Nfg1 Qg5 26. Rf3 Qg6 27. R3f2
Bg5 28. Nf3 Bf6 29. Qd2 Qh6 30. h4 e4 31. Nfg1 Rxg3 32. Nf4 Qxh4+ 33. Ngh3
Rxh3+ 34. Nxh3 Qg3+ 0-1

[Event "II. CLANSKA LIGA ZAHOD 2012"]
[Site " Ljubljana"]
[Date "2012.10.19"]
[Round "1.2"]
[White "Vandersmissen, Mathieu"]
[Black "Razinger, Igor"]
[Result "1-0"]
[WhiteElo "2131"]
[BlackElo "2031"]
[PlyCount "67"]
[EventDate "2012.10.19"]
[WhiteTeam "SD HIDRIA AET TOLMIN"]
[BlackTeam "SD SIMP RADOVLJICA"]

1. e4 c5 2. d3 d6 3. g3 e6 4. Bg2 g6 5. Ne2 Bg7 6. O-O Nc6 7. Nbc3 Nge7 8. Rb1
O-O 9. Be3 Nd4 10. b4 e5 11. bxc5 dxc5 12. f4 b6 13. Rf2 Be6 14. a4 Qd7 15. a5
bxa5 16. f5 gxf5 17. exf5 Nexf5 18. Bd2 Rab8 19. Ra1 Nxe2+ 20. Rxe2 Nd4 21. Re4
f5 22. Rh4 Qf7 23. Rxa5 Rb2 24. Qa1 Rxc2 25. Rxa7 Qg6 26. Qd1 c4 27. Nd5 Bxd5
28. Bxd5+ Kh8 29. dxc4 e4 30. Rf4 Rxd2 31. Qxd2 Nb3 32. Qa2 Bd4+ 33. Kg2 Bxa7
34. Qxa7 1-0

[Event "II. CLANSKA LIGA ZAHOD 2012"]
[Site " Ljubljana"]
[Date "2012.10.19"]
[Round "1.3"]
[White "Kocevar, Tugomir"]
[Black "Raspor, Gregor"]
[Result "0-1"]
[WhiteElo "1986"]
[BlackElo "2114"]
[PlyCount "92"]
[EventDate "2012.10.19"]
[WhiteTeam "SD SIMP RADOVLJICA"]
[BlackTeam "SD HIDRIA AET TOLMIN"]

1. e4 c6 2. Nc3 d5 3. d4 dxe4 4. Nxe4 Bf5 5. Ng3 Bg6 6. Nf3 Nd7 7. Bc4 e6 8.
O-O Ngf6 9. c3 Be7 10. Re1 Qc7 11. a4 O-O 12. Qe2 Rfe8 13. Ne5 Nxe5 14. dxe5
Nd7 15. f4 Rad8 16. Be3 Nb6 17. a5 Nxc4 18. Qxc4 Rd5 19. Bxa7 Rxa5 20. Rxa5
Qxa5 21. Bf2 Rd8 22. Ne4 Rd5 23. b4 Qd8 24. Bd4 Qa8 25. g4 h5 26. h3 hxg4 27.
hxg4 b5 28. Qf1 Bxe4 29. Rxe4 c5 30. bxc5 Bxc5 31. f5 Rxd4 32. Rxd4 Qe4 33.
Qxb5 Qxg4+ 34. Kh2 Bxd4 35. cxd4 Qxf5 36. Qb6 g5 37. Qd6 g4 38. Kg3 Qf3+ 39.
Kh4 Qh3+ 40. Kg5 g3 41. Qd8+ Kh7 42. d5 g2 43. Qb6 Qg3+ 44. Kf6 g1=Q 45. Qxg1
Qxg1 46. dxe6 Qg6+ 0-1

[Event "II. CLANSKA LIGA ZAHOD 2012"]
[Site " Ljubljana"]
[Date "2012.10.19"]
[Round "1.4"]
[White "Ursic, Mateja"]
[Black "Krivec, Metod"]
[Result "1/2-1/2"]
[WhiteElo "2071"]
[BlackElo "1825"]
[PlyCount "78"]
[EventDate "2012.10.19"]
[WhiteTeam "SD HIDRIA AET TOLMIN"]
[BlackTeam "SD SIMP RADOVLJICA"]

1. e4 e6 2. d4 d5 3. Nd2 c5 4. exd5 exd5 5. Ngf3 c4 6. c3 Nf6 7. b3 cxb3 8.
axb3 Nc6 9. Bd3 Bd6 10. O-O O-O 11. c4 Bg4 12. Bb2 Re8 13. Qb1 Nb4 14. Bf5 Bxf5
15. Qxf5 Nc6 16. Ne5 Ne7 17. Qd3 dxc4 18. Ndxc4 Bc7 19. Rfd1 Ned5 20. Qf3 a6
21. Ne3 Nxe3 22. Qxe3 Qd5 23. Rac1 Bb6 24. Qd3 Rad8 25. Nc4 Ba7 26. Ne3 Qg5 27.
Rc7 Rb8 28. Qc4 Qg6 29. Qb4 Qe4 30. Qc4 Qg6 31. d5 Bb6 32. d6 Bxc7 33. dxc7
Rbc8 34. Bxf6 Qxf6 35. Nd5 Qd6 36. h3 Kf8 37. Qh4 h6 38. Qc4 b5 39. Qg4 Rxc7
1/2-1/2

[Event "II. CLANSKA LIGA ZAHOD 2012"]
[Site " Ljubljana"]
[Date "2012.10.19"]
[Round "1.5"]
[White "Torkar, Boris"]
[Black "Hozjan, Erik"]
[Result "0-1"]
[WhiteElo "1849"]
[BlackElo "1758"]
[PlyCount "140"]
[EventDate "2012.10.19"]
[WhiteTeam "SD SIMP RADOVLJICA"]
[BlackTeam "SD HIDRIA AET TOLMIN"]

1. d4 Nf6 2. c4 e6 3. Nc3 Bb4 4. Bd2 O-O 5. Nf3 c5 6. e3 d5 7. Be2 Nc6 8. a3
Bxc3 9. Bxc3 Ne4 10. Rc1 dxc4 11. Bxc4 Nxc3 12. Rxc3 cxd4 13. Nxd4 Nxd4 14.
exd4 a6 15. O-O b5 16. Ba2 Bb7 17. Qg4 Qf6 18. Rc7 Rab8 19. Rfc1 Rfd8 20. Rd1
g6 21. h4 h5 22. Qg5 Qxg5 23. hxg5 Be4 24. b4 Rbc8 25. Rc5 Rxc5 26. bxc5 Kf8
27. f3 Bd5 28. Bb1 Bb3 29. Rd3 Bc4 30. Rd2 e5 31. Kf2 Rxd4 32. Rxd4 exd4 33.
Be4 Ke7 34. g3 Ke6 35. f4 a5 36. Ke1 Bd5 37. Bb1 Kd7 38. f5 gxf5 39. Bxf5+ Kc6
40. g6 fxg6 41. Bxg6 Bf3 42. Kd2 Kxc5 43. Kd3 Bg4 44. Bh7 Bh3 45. Bg6 Bg4 46.
Bh7 Kd5 47. Be4+ Kc5 48. Bh7 Bf3 49. Bg6 a4 50. Bf7 Bd1 51. Bg6 Bg4 52. Bh7 b4
53. axb4+ Kxb4 54. Kxd4 a3 55. Bg8 Bf5 56. Ba2 Bc2 57. Ke3 Kc3 58. Bf7 Bb3 59.
Bxh5 a2 60. Kf4 a1=Q 61. Kg5 Qa5+ 62. Kh6 Qb6+ 63. Kg5 Qe3+ 64. Kh4 Be6 65. g4
Qf4 66. Kh3 Kd4 67. Kh4 Ke3 68. Kh3 Kf3 69. Kh4 Bc8 70. Kh3 Qg3# 0-1

[Event "II. CLANSKA LIGA ZAHOD 2012"]
[Site " Ljubljana"]
[Date "2012.10.19"]
[Round "1.6"]
[White "Winkler, Silvo"]
[Black "Pretnar, Bostjan"]
[Result "1-0"]
[WhiteElo "1658"]
[BlackElo "1677"]
[PlyCount "90"]
[EventDate "2012.10.19"]
[WhiteTeam "SD HIDRIA AET TOLMIN"]
[BlackTeam "SD SIMP RADOVLJICA"]

1. d4 Nf6 2. Nf3 c5 3. c4 cxd4 4. Nxd4 g6 5. Nc3 Bg7 6. g3 O-O 7. Bg2 Nc6 8.
O-O a6 9. Re1 Qb6 10. Nxc6 dxc6 11. Qb3 Qc7 12. Be3 Nd7 13. Na4 b5 14. cxb5
axb5 15. Nc3 Bb7 16. Rac1 Qb8 17. Red1 Ne5 18. Qb4 Re8 19. Bc5 Qc7 20. Bd4 Qb8
21. b3 f5 22. h3 Nf7 23. Bxg7 Kxg7 24. Rd7 Nd6 25. Rd1 Kg8 26. a4 Bc8 27. R7xd6
exd6 28. Bxc6 Be6 29. Bxa8 Qxa8 30. Nxb5 Qe4 31. Qxe4 fxe4 32. Rb1 Rd8 33. Nd4
Bd7 34. a5 Rb8 35. b4 Ra8 36. Kg2 Kf8 37. Ra1 Ke8 38. b5 Kd8 39. a6 Kc7 40. g4
Kb6 41. Kg3 g5 42. f4 h6 43. e3 Ka7 44. Rb1 Rb8 45. h4 Bc8 1-0

[Event "II. CLANSKA LIGA ZAHOD 2012"]
[Site " Ljubljana"]
[Date "2012.10.19"]
[Round "1.1"]
[White "Plenca, Julijan"]
[Black "Rodman, Franc"]
[Result "1/2-1/2"]
[WhiteElo "2327"]
[BlackElo "2148"]
[PlyCount "137"]
[EventDate "2012.10.19"]
[WhiteTeam "MATRIKA ZVO - SD STARI TRG OB KOLPI"]
[BlackTeam "SD JESENICE"]

1. e4 e5 2. Nf3 Nc6 3. Nc3 Nf6 4. d4 exd4 5. Nxd4 Bb4 6. Nxc6 bxc6 7. Bd3 O-O
8. O-O d5 9. exd5 cxd5 10. h3 c6 11. Qf3 Bd6 12. Bg5 Rb8 13. Rab1 h6 14. Bf4
Re8 15. a3 g5 16. Bxd6 Qxd6 17. Qg3 Qxg3 18. fxg3 Kg7 19. b4 Be6 20. Ne2 Bd7
21. Nd4 Ne4 22. g4 Nd2 23. Rbd1 Nxf1 24. Rxf1 a5 25. c3 axb4 26. axb4 Re3 27.
Bf5 Be6 28. Rc1 Rc8 29. Kf2 Re5 30. Bd3 c5 31. Nf3 f6 32. Ra1 Bf7 33. Ra7 Ree8
34. Bf5 Ra8 35. Rxa8 Rxa8 36. bxc5 Ra5 37. c6 Rc5 38. Bd7 Rxc3 39. Nd4 Kf8 40.
Nb5 Rc2+ 41. Ke3 Be8 42. Nd4 Rxg2 43. Bf5 Ke7 44. c7 Bd7 45. c8=Q Bxc8 46. Bxc8
Rg3+ 47. Kf2 Rxh3 48. Kg2 Ra3 49. Nf5+ Kd8 50. Be6 Ra5 51. Ne3 d4 52. Nc4 Rc5
53. Kf3 Ke7 54. Bg8 f5 55. gxf5 Rxf5+ 56. Kg3 Rf4 57. Ne5 Kd6 58. Nd3 Rf8 59.
Bh7 Kd5 60. Kg4 Kc4 61. Kh5 Rf6 62. Be4 Kc3 63. Bh7 Re6 64. Nc5 Re8 65. Ne4+
Kb2 66. Nf2 Re6 67. Ng4 Kc3 68. Bf5 Rb6 69. Nxh6 1/2-1/2

[Event "II. CLANSKA LIGA ZAHOD 2012"]
[Site " Ljubljana"]
[Date "2012.10.19"]
[Round "1.2"]
[White "Zeleznik, Alojz"]
[Black "Juranic, Bruno"]
[Result "0-1"]
[WhiteElo "2202"]
[BlackElo "2189"]
[PlyCount "78"]
[EventDate "2012.10.19"]
[WhiteTeam "SD JESENICE"]
[BlackTeam "MATRIKA ZVO - SD STARI TRG OB KOLPI"]

1. e4 c5 2. Nf3 a6 3. c3 e6 4. d4 d5 5. e5 Bd7 6. Bd3 cxd4 7. cxd4 Bb5 8. Bxb5+
axb5 9. O-O b4 10. Nbd2 Ne7 11. Nb3 Nec6 12. Ne1 Be7 13. Qg4 g6 14. Bh6 Na5 15.
Nxa5 Rxa5 16. Nd3 Nc6 17. Rfc1 Qb6 18. Be3 Qa7 19. Nc5 Nxe5 20. dxe5 Bxc5 21.
Qxb4 Bxb4 22. Bxa7 O-O 23. Bd4 Rfa8 24. a3 Bf8 25. Rc7 b5 26. Rac1 Ra4 27. Be3
Rc4 28. R1xc4 bxc4 29. Kf1 Rb8 30. Bd4 Bh6 31. Ke1 Bc1 32. Ba7 Rxb2 33. Rc8+
Kg7 34. Bc5 g5 35. g4 Bf4 36. Bf8+ Kg6 37. Bd6 h6 38. Rg8+ Kh7 39. Rc8 c3 0-1

[Event "II. CLANSKA LIGA ZAHOD 2012"]
[Site " Ljubljana"]
[Date "2012.10.19"]
[Round "1.3"]
[White "Kobe, Uros"]
[Black "Jeraj, Zlatko"]
[Result "1-0"]
[WhiteElo "2192"]
[BlackElo "2070"]
[PlyCount "71"]
[EventDate "2012.10.19"]
[WhiteTeam "MATRIKA ZVO - SD STARI TRG OB KOLPI"]
[BlackTeam "SD JESENICE"]

1. e4 e5 2. f4 Nc6 3. Nf3 Nf6 4. fxe5 Nxe4 5. d3 Nc5 6. d4 Na6 7. d5 Ncb8 8. d6
Nc5 9. Bg5 f6 10. exf6 gxf6 11. Ne5 h5 12. Be2 Bg7 13. Bxh5+ Kf8 14. O-O cxd6
15. Qxd6+ Kg8 16. Bf7+ Kh7 17. Bg6+ Kg8 18. Qxc5 Qb6 19. Qxb6 axb6 20. Bxf6 d6
21. Bf7+ Kh7 22. Bxg7 Kxg7 23. Nd3 Ra5 24. Nc3 Nc6 25. Bd5 Nd4 26. Rf2 Bg4 27.
Rf4 Ne2+ 28. Nxe2 Bxe2 29. Rf7+ Kg6 30. Nf4+ Kg5 31. Nxe2 Rxd5 32. Raf1 Re8 33.
Ng3 Rd2 34. Rg7+ Kh6 35. Nf5+ Kh5 36. g4# 1-0

[Event "II. CLANSKA LIGA ZAHOD 2012"]
[Site " Ljubljana"]
[Date "2012.10.19"]
[Round "1.4"]
[White "Hasanagic, Anel"]
[Black "Baric, Dusan"]
[Result "1-0"]
[WhiteElo "2102"]
[BlackElo "2051"]
[PlyCount "99"]
[EventDate "2012.10.19"]
[WhiteTeam "SD JESENICE"]
[BlackTeam "MATRIKA ZVO - SD STARI TRG OB KOLPI"]

1. e4 c5 2. Nf3 d6 3. d4 cxd4 4. Nxd4 Nf6 5. Nc3 g6 6. Be3 Bg7 7. f3 Nc6 8. Qd2
Bd7 9. Bc4 Rc8 10. Bb3 Na5 11. O-O-O Nc4 12. Bxc4 Rxc4 13. g4 Qa5 14. h4 h5 15.
Nb3 Qc7 16. e5 dxe5 17. g5 Nh7 18. Na5 Rxc3 19. Qxc3 Qxc3 20. bxc3 b6 21. Nb3
Bf5 22. Rd2 Nf8 23. c4 Ne6 24. c5 bxc5 25. Nxc5 O-O 26. Nxe6 Bxe6 27. Rhd1 f5
28. Rd8 Bxa2 29. Bxa7 Bc4 30. Rxf8+ Kxf8 31. Rd8+ Kf7 32. Kd2 f4 33. Bb8 e4 34.
fxe4 f3 35. Ke3 Be2 36. e5 Ke6 37. Rg8 Kf7 38. Rc8 Ke6 39. c4 Bxe5 40. Bxe5
Kxe5 41. c5 Kf5 42. c6 Kg4 43. Kf2 Kxh4 44. c7 Ba6 45. Ra8 Bb7 46. Rb8 Ba6 47.
Rb6 Bc8 48. Rxg6 Kg4 49. Rg8 Bb7 50. Rb8 1-0

[Event "II. CLANSKA LIGA ZAHOD 2012"]
[Site " Ljubljana"]
[Date "2012.10.19"]
[Round "1.5"]
[White "Bedic, Slavko"]
[Black "Hrenic, Misa"]
[Result "0-1"]
[WhiteElo "2000"]
[BlackElo "2057"]
[PlyCount "112"]
[EventDate "2012.10.19"]
[WhiteTeam "MATRIKA ZVO - SD STARI TRG OB KOLPI"]
[BlackTeam "SD JESENICE"]

1. c4 e5 2. Nc3 Bb4 3. g3 Bxc3 4. bxc3 Nc6 5. Bg2 f5 6. Ba3 d6 7. Qb3 Nge7 8.
Nf3 Rb8 9. d4 e4 10. Nd2 b6 11. O-O Na5 12. Qc2 c5 13. e3 Ba6 14. dxc5 dxc5 15.
Rfd1 Qc7 16. f3 exf3 17. Bxf3 O-O 18. Be2 Qe5 19. Kf2 Qe6 20. Qa4 Rbc8 21. Nf3
Nec6 22. Rd5 Rce8 23. Bc1 Rd8 24. Bd2 Bxc4 25. Rxd8 Rxd8 26. Rd1 Bxe2 27. Kxe2
Nc4 28. Bc1 Rxd1 29. Qxd1 Nd6 30. Ng5 Qc4+ 31. Ke1 Ne4 32. Nxe4 Qxe4 33. Qd6 h6
34. Bd2 Kh7 35. Kd1 Ne5 36. Kc1 Nc4 37. Qd7 Nxe3 38. Bxe3 Qxe3+ 39. Kb2 Qe2+
40. Kb3 c4+ 41. Kb4 Qb2+ 42. Kxc4 Qxa2+ 43. Kb5 Qa5+ 44. Kc4 Qc5+ 45. Kb3 a6
46. Qe6 a5 47. Ka4 b5+ 48. Kb3 a4+ 49. Kb2 Qf2+ 50. Kb1 a3 51. Qb3 Qb2+ 52.
Qxb2 axb2 53. Kxb2 g5 54. Kb3 f4 55. Kc2 f3 56. Kd2 g4 0-1

[Event "II. CLANSKA LIGA ZAHOD 2012"]
[Site " Ljubljana"]
[Date "2012.10.19"]
[Round "1.6"]
[White "Pazlar, Marko"]
[Black "Turkovic, Igor"]
[Result "0-1"]
[WhiteElo "2043"]
[BlackElo "1901"]
[PlyCount "51"]
[EventDate "2012.10.19"]
[WhiteTeam "SD JESENICE"]
[BlackTeam "MATRIKA ZVO - SD STARI TRG OB KOLPI"]

1. Nf3 c5 2. c4 Nf6 3. g3 g6 4. Bg2 Bg7 5. O-O O-O 6. d4 cxd4 7. Nxd4 Nc6 8.
Nc3 a6 9. h3 Re8 10. Be3 Qc7 11. Rc1 Rb8 12. Nd5 Qa5 13. a3 b5 14. cxb5 axb5
15. Nxc6 dxc6 16. Bd2 Qa7 17. Nxf6+ Bxf6 18. Bxc6 Rd8 19. Be3 Bd4 20. Bxd4 Rxd4
21. Qb3 Bxh3 22. Rfd1 Rbd8 23. Rxd4 Qxd4 24. Qxb5 Qd1+ 25. Rxd1 Rxd1+ 26. Kh2
0-1

[Event "II. CLANSKA LIGA ZAHOD 2012"]
[Site " Ljubljana"]
[Date "2012.10.19"]
[Round "1.1"]
[White "Markoja, Sebastijan"]
[Black "Bogdanovski, Vlatko"]
[Result "0-1"]
[WhiteElo "2048"]
[BlackElo "2449"]
[PlyCount "66"]
[EventDate "2012.10.19"]
[WhiteTeam "SK KOMENDA"]
[BlackTeam "SD KOPER"]

1. e4 c6 2. d4 d5 3. e5 Bf5 4. Nd2 e6 5. Nb3 Nd7 6. Nf3 Ne7 7. Be2 Bg6 8. O-O
Nf5 9. Bd2 Be7 10. a4 a6 11. c4 O-O 12. Rc1 dxc4 13. Rxc4 a5 14. Qe1 Qb6 15.
Nxa5 Qxb2 16. Bb4 b5 17. Bc3 Qa3 18. axb5 cxb5 19. Rc7 b4 20. Bd2 Qxa5 21. Rxd7
Rfd8 22. Rxd8+ Rxd8 23. Qa1 Qxa1 24. Rxa1 h6 25. Be3 Nxe3 26. fxe3 b3 27. Nd2
b2 28. Rd1 Rc8 29. Kf2 Rc1 30. e4 Rxd1 31. Bxd1 Bxe4 32. Ke3 Bg6 33. h4 Bxh4
0-1

[Event "II. CLANSKA LIGA ZAHOD 2012"]
[Site " Ljubljana"]
[Date "2012.10.19"]
[Round "1.2"]
[White "Maslesa, Branko"]
[Black "Kobold, Andrej"]
[Result "1/2-1/2"]
[WhiteElo "2225"]
[BlackElo "1890"]
[PlyCount "27"]
[EventDate "2012.10.19"]
[WhiteTeam "SD KOPER"]
[BlackTeam "SK KOMENDA"]

1. e4 Nf6 2. Nc3 d5 3. e5 Nfd7 4. d4 e6 5. f4 c5 6. Nf3 Nc6 7. Ne2 Be7 8. c3
O-O 9. Be3 b6 10. Ng3 f5 11. Bd3 c4 12. Bc2 b5 13. O-O Nb6 14. Nh1 1/2-1/2

[Event "II. CLANSKA LIGA ZAHOD 2012"]
[Site " Ljubljana"]
[Date "2012.10.19"]
[Round "1.3"]
[White "Leonardi, Caterina"]
[Black "Sirnik, Bostjan"]
[Result "0-1"]
[WhiteElo "1868"]
[BlackElo "2233"]
[PlyCount "52"]
[EventDate "2012.10.19"]
[WhiteTeam "SK KOMENDA"]
[BlackTeam "SD KOPER"]

1. d4 d6 2. Nf3 Bg4 3. e4 e6 4. c4 c6 5. Be2 Nf6 6. Nc3 Be7 7. O-O O-O 8. Be3
Nbd7 9. Qc2 Bh5 10. Rad1 Bg6 11. Nh4 Bxe4 12. Nxe4 Nxe4 13. Qxe4 Bxh4 14. Bd3
g6 15. Bh6 Re8 16. f4 Bf6 17. Kh1 Qa5 18. Qf3 d5 19. cxd5 Qxd5 20. Be4 Qxa2 21.
Qg3 Kh8 22. h4 Qa5 23. Bg5 Bg7 24. h5 Nf6 25. Bxg6 Ne4 26. Qh4 fxg6 0-1

[Event "II. CLANSKA LIGA ZAHOD 2012"]
[Site " Ljubljana"]
[Date "2012.10.19"]
[Round "1.4"]
[White "Vrcon, Damijan"]
[Black "Lucovnik, Tilen"]
[Result "1-0"]
[WhiteElo "2167"]
[BlackElo "1883"]
[PlyCount "49"]
[EventDate "2012.10.19"]
[WhiteTeam "SD KOPER"]
[BlackTeam "SK KOMENDA"]

1. c4 b6 2. d4 e6 3. e4 Bb7 4. f3 Bb4+ 5. Bd2 Bxd2+ 6. Qxd2 Qh4+ 7. g3 Qe7 8.
Nc3 d6 9. Nge2 f5 10. Bh3 Nf6 11. d5 exd5 12. exd5 g6 13. O-O-O Nbd7 14. Nd4
O-O 15. Ne6 Rfc8 16. Rhe1 Qf7 17. Kb1 Nf8 18. g4 fxg4 19. fxg4 Re8 20. g5 Nh5
21. Rf1 Qe7 22. Rde1 Nxe6 23. Bxe6+ Kh8 24. Rf7 Qd8 25. Qd4+ 1-0

[Event "II. CLANSKA LIGA ZAHOD 2012"]
[Site " Ljubljana"]
[Date "2012.10.19"]
[Round "1.5"]
[White "Unuk, Laura"]
[Black "Brecevic, Vladko"]
[Result "1-0"]
[WhiteElo "1948"]
[BlackElo "2112"]
[PlyCount "71"]
[EventDate "2012.10.19"]
[WhiteTeam "SK KOMENDA"]
[BlackTeam "SD KOPER"]

1. d4 Nf6 2. c4 e6 3. Nf3 b6 4. g3 Bb7 5. Bg2 Be7 6. a3 d6 7. Nc3 Ne4 8. Qc2
Nxc3 9. bxc3 Nd7 10. e4 e5 11. O-O Bf6 12. Be3 Qe7 13. d5 O-O 14. Nd2 Bg5 15.
f4 Bh6 16. Rae1 f6 17. Kh1 exf4 18. gxf4 g6 19. Rg1 Nc5 20. Bf3 Bg7 21. f5 g5
22. h4 h6 23. Bh5 Bc8 24. Bd4 Bd7 25. hxg5 fxg5 26. Nf3 Be8 27. Bxe8 Qxe8 28.
Nxg5 Qh5+ 29. Qh2 Qxh2+ 30. Kxh2 hxg5 31. Rxg5 Rf7 32. Reg1 Nxe4 33. Rxg7+ Rxg7
34. Rxg7+ Kf8 35. Rxc7 Ng5 36. Kg3 1-0

[Event "II. CLANSKA LIGA ZAHOD 2012"]
[Site " Ljubljana"]
[Date "2012.10.19"]
[Round "1.6"]
[White "Kerma, Simon"]
[Black "Vidic, Teja"]
[Result "1-0"]
[WhiteElo "2126"]
[BlackElo "1850"]
[PlyCount "33"]
[EventDate "2012.10.19"]
[WhiteTeam "SD KOPER"]
[BlackTeam "SK KOMENDA"]

1. Nf3 Nf6 2. d4 d5 3. Bg5 e6 4. e3 Be7 5. Nbd2 O-O 6. Bd3 h6 7. Bh4 Nbd7 8.
O-O c5 9. c3 b6 10. Ne5 Nxe5 11. dxe5 Nd7 12. Bg3 Bh4 13. Bf4 f6 14. Qh5 fxe5
15. Bxh6 Bf6 16. Bxg7 Bxg7 17. Bh7+ 1-0

[Event "II. CLANSKA LIGA ZAHOD 2012"]
[Site " Ljubljana"]
[Date "2012.10.19"]
[Round "1.1"]
[White "Persl, Bojan"]
[Black "Kutin, Boris"]
[Result "1-0"]
[WhiteElo "2088"]
[BlackElo "1954"]
[PlyCount "95"]
[EventDate "2012.10.19"]
[WhiteTeam "SS KC DR. LOJZ KRAIGHER LJUBLJANA"]
[BlackTeam "SK LOSKA DOLINA"]

1. e4 c6 2. d4 d5 3. Nd2 dxe4 4. Nxe4 Nf6 5. Nxf6+ exf6 6. Bc4 Bd6 7. Qh5 O-O
8. Ne2 Be6 9. Bd3 g6 10. Qh4 Nd7 11. O-O Re8 12. c4 Bf5 13. Bxf5 Rxe2 14. Bd3
Re8 15. Rd1 c5 16. Be3 Qc7 17. Bf1 Rad8 18. dxc5 Bxc5 19. Bxc5 Qxc5 20. Rd5 Qe7
21. Rad1 Nb6 22. Rxd8 Rxd8 23. Rxd8+ Qxd8 24. c5 Nd7 25. Qd4 Qc7 26. b4 a6 27.
h3 Kg7 28. g3 Ne5 29. Bg2 Nc6 30. Qd2 Ne5 31. f4 Nc6 32. Kh2 Nd8 33. Qd5 Kf8
34. a4 Ke8 35. b5 axb5 36. axb5 Qe7 37. f5 Qc7 38. Qe4+ Kd7 39. Qd5+ Kc8 40. c6
Kb8 41. Qc5 b6 42. Qd4 gxf5 43. Qxf6 f4 44. gxf4 Ne6 45. Kg3 h6 46. Bd5 Ng5 47.
h4 Ne6 48. Bxe6 1-0

[Event "II. CLANSKA LIGA ZAHOD 2012"]
[Site " Ljubljana"]
[Date "2012.10.19"]
[Round "1.2"]
[White "Kodric, Vladimir"]
[Black "Sadikov, Aleksander"]
[Result "1/2-1/2"]
[WhiteElo "1946"]
[BlackElo "1988"]
[PlyCount "76"]
[EventDate "2012.10.19"]
[WhiteTeam "SK LOSKA DOLINA"]
[BlackTeam "SS KC DR. LOJZ KRAIGHER LJUBLJANA"]

1. d4 d5 2. c3 Nf6 3. Bf4 Bf5 4. Nf3 e6 5. Qb3 Qc8 6. Nbd2 Bd6 7. Bg3 Nbd7 8.
e3 a6 9. Be2 O-O 10. O-O Bxg3 11. hxg3 h6 12. c4 c6 13. Rac1 Qb8 14. Bd3 dxc4
15. Nxc4 Bxd3 16. Qxd3 c5 17. Nce5 Nxe5 18. Nxe5 cxd4 19. Qxd4 Rd8 20. Qf4 Rd5
21. Nf3 Qxf4 22. gxf4 Rad8 23. Nd4 g5 24. fxg5 hxg5 25. Rc2 Kg7 26. Rc7 R8d7
27. Rfc1 Kg6 28. Rxd7 Rxd7 29. Kf1 g4 30. Ke2 Ne4 31. Rc2 Kf6 32. f3 gxf3+ 33.
gxf3 Ng3+ 34. Kf2 Nf5 35. Nxf5 Kxf5 36. Rc5+ Kf6 37. Ke2 e5 38. a3 Ke6 1/2-1/2

[Event "II. CLANSKA LIGA ZAHOD 2012"]
[Site " Ljubljana"]
[Date "2012.10.19"]
[Round "1.3"]
[White "Kodela, Marko"]
[Black "Stanic, Simon"]
[Result "1/2-1/2"]
[WhiteElo "1983"]
[BlackElo "1985"]
[PlyCount "78"]
[EventDate "2012.10.19"]
[WhiteTeam "SS KC DR. LOJZ KRAIGHER LJUBLJANA"]
[BlackTeam "SK LOSKA DOLINA"]

1. c4 g6 2. Nc3 Bg7 3. Nf3 c5 4. g3 Nc6 5. Bg2 Nf6 6. O-O O-O 7. d4 cxd4 8.
Nxd4 Qb6 9. Nc2 d6 10. h3 Rb8 11. b3 a6 12. Rb1 Qa5 13. b4 Qh5 14. e4 Qxd1 15.
Nxd1 Be6 16. Nde3 Ne5 17. Nd5 Rfe8 18. Nce3 Rbc8 19. c5 dxc5 20. bxc5 Rxc5 21.
Rxb7 Nxd5 22. Nxd5 Bxd5 23. exd5 Rxd5 24. a3 Nc4 25. Re1 Kf8 26. Rb3 Rb5 27.
Rxb5 axb5 28. Bf1 Ra8 29. Bd3 Bc3 30. Bh6+ Ke8 31. Rb1 Nxa3 32. Bxb5+ Nxb5 33.
Rxb5 Rd8 34. Bf4 f6 35. Kg2 g5 36. Be3 Be5 37. Kf3 Rb8 38. Rxb8+ Bxb8 39. Ke4
Kf7 1/2-1/2

[Event "II. CLANSKA LIGA ZAHOD 2012"]
[Site " Ljubljana"]
[Date "2012.10.19"]
[Round "1.4"]
[White "Kljun, Anton"]
[Black "Jelen, Ales"]
[Result "1-0"]
[WhiteElo "1813"]
[BlackElo "1829"]
[PlyCount "61"]
[EventDate "2012.10.19"]
[WhiteTeam "SK LOSKA DOLINA"]
[BlackTeam "SS KC DR. LOJZ KRAIGHER LJUBLJANA"]

1. e4 e6 2. Be2 d5 3. exd5 exd5 4. d4 Bd6 5. Nc3 Nf6 6. Bg5 c6 7. Nf3 O-O 8.
O-O Bg4 9. Ne5 Bxe2 10. Nxe2 Re8 11. f4 Nbd7 12. Nxd7 Qxd7 13. Bxf6 gxf6 14.
Ng3 Kh8 15. Qh5 Rg8 16. Nf5 Rg6 17. Rf3 Rag8 18. Rh3 Rxg2+ 19. Kh1 R8g7 20.
Nxg7 Rxg7 21. Rg1 Bxf4 22. Rxg7 Kxg7 23. Qxh7+ Kf8 24. Qh4 Bg5 25. Qg3 Qf5 26.
Qb8+ Ke7 27. Qxb7+ Kd6 28. Qb8+ Kd7 29. Qxa7+ Kd6 30. Qa3+ Kd7 31. Qd3 1-0

[Event "II. CLANSKA LIGA ZAHOD 2012"]
[Site " Ljubljana"]
[Date "2012.10.19"]
[Round "1.5"]
[White "Pajnhart, Tadej"]
[Black "Drobnic, Janez"]
[Result "1/2-1/2"]
[WhiteElo "1860"]
[BlackElo "1779"]
[PlyCount "127"]
[EventDate "2012.10.19"]
[WhiteTeam "SS KC DR. LOJZ KRAIGHER LJUBLJANA"]
[BlackTeam "SK LOSKA DOLINA"]

1. e4 c6 2. d4 d5 3. exd5 cxd5 4. Bd3 Nf6 5. c3 Nc6 6. h3 e6 7. Bf4 Bd6 8. Bxd6
Qxd6 9. Nf3 O-O 10. O-O Re8 11. Re1 e5 12. Nxe5 Nxe5 13. dxe5 Rxe5 14. Rxe5
Qxe5 15. Nd2 Bd7 16. Nf3 Qf4 17. Qd2 Qxd2 18. Nxd2 Re8 19. Nb3 Kf8 20. Nc5 Bc6
21. Nb3 h6 22. f3 Re3 23. Bf1 b6 24. Nd4 Bd7 25. Kf2 Re7 26. b4 Be6 27. a4 Rc7
28. Nb5 Rd7 29. a5 a6 30. Nd4 b5 31. Bxb5 axb5 32. a6 Rd8 33. Nxb5 Ne8 34. Nd4
Nc7 35. b5 Na8 36. Ke3 Rc8 37. Kd3 Bd7 38. Rb1 Nb6 39. g4 g6 40. Rb4 Ke7 41.
Nc6+ Bxc6 42. bxc6 Rxc6 43. a7 Na8 44. Rb8 Ra6 45. Rxa8 Ra4 46. h4 Kf6 47. Rd8
Rxa7 48. Rxd5 Ke6 49. Rd4 f5 50. Kc4 Rc7+ 51. Kd3 Ra7 52. Rb4 Rd7+ 53. Ke3 fxg4
54. fxg4 Rd1 55. Rb6+ Kf7 56. c4 Rh1 57. h5 gxh5 58. Rxh6 Rc1 59. Rxh5 Rxc4 60.
Kf3 Kg6 61. Rb5 Rc3+ 62. Kf4 Rc4+ 63. Kg3 Rc1 64. Kf4 1/2-1/2

[Event "II. CLANSKA LIGA ZAHOD 2012"]
[Site " Ljubljana"]
[Date "2012.10.19"]
[Round "1.6"]
[White "Stanic, Vitko"]
[Black "Pecnik, Primoz"]
[Result "1-0"]
[WhiteElo "1796"]
[BlackElo "1818"]
[PlyCount "179"]
[EventDate "2012.10.19"]
[WhiteTeam "SK LOSKA DOLINA"]
[BlackTeam "SS KC DR. LOJZ KRAIGHER LJUBLJANA"]

1. d4 Nf6 2. Nf3 g6 3. g3 Bg7 4. Bg2 O-O 5. O-O d6 6. Nbd2 Nbd7 7. Re1 c5 8. c3
Rb8 9. e4 b5 10. a3 e5 11. h3 Qb6 12. d5 c4 13. Qc2 Nc5 14. Nf1 Nfd7 15. Be3
Qc7 16. Rad1 a5 17. Bd2 Nb6 18. Be3 f5 19. N3d2 a4 20. Re2 fxe4 21. Bxc5 Qxc5
22. Nxe4 Qc7 23. Qd2 Nd7 24. Kh2 Nc5 25. Nxc5 Qxc5 26. Qe3 Qc7 27. Nd2 Bf5 28.
Ne4 Bxe4 29. Bxe4 Rf7 30. f3 Rbf8 31. Rf1 Bf6 32. h4 Qe7 33. Kh3 Qd7+ 34. Kh2
Bd8 35. Qh6 Qe7 36. Kg2 Qf6 37. Qe3 g5 38. hxg5 Qxg5 39. Qxg5+ Bxg5 40. Rh1 h6
41. Rf1 Kg7 42. Kh3 Rf6 43. Kg4 Re8 44. Kh5 Rh8 45. Rh1 Rhf8 46. Rf1 Kf7 47.
Kg4 Ke7 48. Kh5 Rg8 49. g4 Bf4 50. Kh4 Rg5 51. Kh3 h5 52. Bf5 Rh6 53. Kg2 hxg4
54. fxg4 Rh2+ 55. Kf3 Rh4 56. Kg2 Rh2+ 57. Kf3 Rh4 58. Kg2 Kd8 59. Kf3 Rg8 60.
Kg2 Rgh8 61. Kf3 Rh3+ 62. Ke4 Rg3 63. Be6 Ke7 64. Rf3 Rhh3 65. Rxg3 Rxg3 66.
Bf5 Rg1 67. Kf3 Rf1+ 68. Ke4 Rb1 69. Kf3 Rd1 70. Bc8 Rxd5 71. Ke4 Rc5 72. Bb7
Kd7 73. Bd5 Rc8 74. Rg2 Rf8 75. g5 Bxg5 76. Rxg5 Rf2 77. Rg7+ Kc8 78. Bc6 Rxb2
79. Kd5 Rd2+ 80. Ke6 Rd3 81. Bxb5 Rxc3 82. Kxd6 Rxa3 83. Kc6 Kd8 84. Kd6 Rd3+
85. Kxe5 a3 86. Bxc4 Rd2 87. Ra7 Rc2 88. Bd5 Rc3 89. Kd6 Rc1 90. Rxa3 1-0